000
00319nam a2200109Ia 4500
008
200302s9999 xx 000 0 und d
100
_a
Jean Racine
245
_a
Calcutta 1981 The City, its Crisis & the Debate on Urban Planning & Development
260
_b
Concept Publishing Co. Ltd.
260
_c
1990
300
_a
486 P.,
999
_c
5564
_d
5564